|
|
|
|
| LEADER |
00625nab a2200193 i 4500 |
| 001 |
tisza3968 |
| 005 |
20200330123832.0 |
| 008 |
170223s1966 hu o 0|| hun d |
| 022 |
|
|
|a 0133-1167
|
| 040 |
|
|
|a SZTE Tiszatáj Archívum
|b hun
|
| 041 |
|
|
|a hun
|
| 100 |
1 |
|
|a Papp Zoltán
|
| 245 |
1 |
0 |
|a Somos Miklós kiállítása
|h [elektronikus dokumentum] :
|b Ernst Múzeum 1965 /
|c Papp Zoltán
|
| 260 |
|
|
|c 1966
|
| 300 |
|
|
|a 41-42
|
| 490 |
0 |
|
|a Tiszatáj
|v 20 No. 1
|
| 695 |
|
|
|a Festészet - magyar - 20. sz.
|
| 700 |
0 |
1 |
|a Somos Miklós
|
| 856 |
4 |
0 |
|u http://tiszataj.bibl.u-szeged.hu/3968/1/tiszataj_1966_001_041-042.pdf
|z Dokumentum-elérés
|